| 000 | 00764cam a22002651 4500 | ||
|---|---|---|---|
| 999 |
_c127680 _d127680 |
||
| 001 | 10139097 | ||
| 003 | ARRUPE | ||
| 005 | 20180315152917.0 | ||
| 008 | 780824s1925 nyu 001 0 eng | ||
| 010 | _a 25025852 | ||
| 035 | _a(OCoLC)4165054 | ||
| 040 |
_aDLC _cCLU _dDLC |
||
| 042 | _apremarc | ||
| 050 | 0 | 0 |
_aBD511 _b.B6 |
| 100 | 1 |
_aBoodin, John Elof. _940722 |
|
| 245 | 1 | 0 |
_aCosmic evolution; _boutlines of cosmic idealism, _cby John Elof Boodin. |
| 260 |
_aNew York, _bMacmillan, _c1925. |
||
| 300 |
_a484 p. _c21 cm. |
||
| 650 | 0 |
_aCosmogony. _96792 |
|
| 650 | 0 |
_aEvolution. _916208 |
|
| 650 | 0 |
_aPsychology. _920 |
|
| 650 | 0 |
_aRelativity. _940723 |
|
| 906 |
_a7 _bcbc _coclcrpl _du _encip _f19 _gy-gencatlg |
||
| 942 |
_2lcc _cMONOGRAPH |
||